| 000 | 01700nam a2200265 a 4500 | ||
|---|---|---|---|
| 003 | DO-SdBNP | ||
| 005 | 20250522113441.0 | ||
| 007 | ta | ||
| 008 | 220509e2019 dr ao||er|||| 001 0 spa d | ||
| 040 |
_aDO-SdBNP _bspa _cBNPHU _erda |
||
| 082 | 4 |
_222 _bP969g |
|
| 245 | 0 | 4 |
_aProyecto, "gestión municipal participativa: _binclusión del enfoque de derechos de la niñez en la administración pública local del Gran Santo Domingo / _cfotografía, Michelle Puesán |
| 246 | 1 | 0 | _aGuía sobre derechos de la niñez en la gestión pública, marco legal, roles, políticas inclusivas y participación social dirigido a autoridades locales e instancias garantes. |
| 264 | 1 |
_a[Santo Domingo] : _bSave the Children, _c2019 |
|
| 300 |
_a74 paginas : _bilustraciones, fotografías, _c28 cm. |
||
| 336 |
_2rdacontent _atexto _btxt |
||
| 337 |
_2rdamedia _asin mediación _bn |
||
| 338 |
_2rdacarrier _avolumen _bnc |
||
| 505 |
_t1. Antecedentes.-- _t2. Derechos de la niñez: Marco legal nacional e internacional.-- _t3. Instancias garantes de los derechos de niños, niñas y adolescentes.-- _t4. Gestión Pública con enfoque de los derechos de la niñez.-- _t5. Participación de niños, niñas y adolescentes.-- _t6. Control social y veeduría.-- _t7. Derechos de la niñez e inclusión social.-- _t8. Política de inclusión de niños, niñas y adolescentes.-- _t9. Género y derechos de la niñez.-- _t10. Discapacidad en niños, niñas y adolescentes.-- _t11. Mecanismo de no discriminación.-- _t12. Referencias bibliográficas. |
||
| 590 | _aInventariado 2022 / MF | ||
| 650 | 0 |
_aNiños _xcrecimiento _973156 |
|
| 650 | 4 |
_964439 _aDerechos de los niños _zRepública Dominicana |
|
| 910 | _aMF | ||
| 942 |
_2ddc _cLBS1 |
||
| 999 |
_c51660 _d51660 |
||